Nghiên cứu, lắp ráp và ứng dụng cảm biến quag trong các hệ thống tự động phục vụ cho trường Đại học Sư phạm, ĐHĐN với chi phí thấp

সংরক্ষণ করুন:
গ্রন্থ-পঞ্জীর বিবরন
প্রধান লেখক: Trịnh Khắc Đức (Chủ nhiệm đề tài)
বিন্যাস: গ্রন্থ
প্রকাশিত: 2009
ট্যাগগুলো: ট্যাগ যুক্ত করুন
কোনো ট্যাগ নেই, প্রথমজন হিসাবে ট্যাগ করুন!
Thư viện lưu trữ: Mạng thư viện Đại học Đà Nẵng
LEADER 00846nam a2200229 4500
001 000021286
003 17733
005 20150416140459.0
008 150416s2009 sd
100 1 |a Trịnh Khắc Đức  |e Chủ nhiệm đề tài 
245 1 0 |a Nghiên cứu, lắp ráp và ứng dụng cảm biến quag trong các hệ thống tự động phục vụ cho trường Đại học Sư phạm, ĐHĐN với chi phí thấp  |c Trịnh Khắc Đức 
260 |c 2009 
500 |a Đề tài NCKH cấp Trường Đại học Sư Phạm Đà Nẵng . Mã số : T2009-03-72 
OWN |a LSP 
999 |a From the UDN01 
TYP |a Mixed Materials 
TYP |a Monograph 
TYP |a Printed language 
980 |a Mạng thư viện Đại học Đà Nẵng